00262 a2200109 4500001000700000020000600007040001100013100003200024240004600056245004100102362000900143168657 a  cMagnum aSantos, Boaventura de Souza10aIntroducao a uma ciencia pos modernalpor10aIntroducao a uma ciencia pos moderna0 a1899